<?xml version="1.0" encoding="UTF-8"?>
<record
    xmlns:xsi="http://www.w3.org/2001/XMLSchema-instance"
    xsi:schemaLocation="http://www.loc.gov/MARC21/slim http://www.loc.gov/standards/marcxml/schema/MARC21slim.xsd"
    xmlns="http://www.loc.gov/MARC21/slim">

  <leader>01267nam a22002417a 4500</leader>
  <datafield tag="999" ind1=" " ind2=" ">
    <subfield code="c">21146</subfield>
    <subfield code="d">21146</subfield>
  </datafield>
  <controlfield tag="003">AR-CdUCM</controlfield>
  <controlfield tag="008">190510b           ||||| |||| 00| 0 spa d</controlfield>
  <datafield tag="020" ind1=" " ind2=" ">
    <subfield code="a">9786120032909</subfield>
  </datafield>
  <datafield tag="040" ind1=" " ind2=" ">
    <subfield code="a">MUNICIPALIDAD PROVINCIAL DEL CUSCO</subfield>
    <subfield code="c">BIBLIOTECA MUNICIPAL DEL CUSCO</subfield>
  </datafield>
  <datafield tag="082" ind1=" " ind2=" ">
    <subfield code="a">985.611 / C18E</subfield>
    <subfield code="b">C18E</subfield>
  </datafield>
  <datafield tag="100" ind1=" " ind2=" ">
    <subfield code="a">Calvo Calvo, Rossano</subfield>
  </datafield>
  <datafield tag="245" ind1=" " ind2=" ">
    <subfield code="a">El cusque&#xF1;ismo ideolog&#xED;a, imaginario e identidad en la ciudad del Cusco (siglos XX-XXI) /</subfield>
    <subfield code="c">Rossano Calvo Calvo</subfield>
  </datafield>
  <datafield tag="260" ind1=" " ind2=" ">
    <subfield code="a">Cusco :</subfield>
    <subfield code="b">Alpha,</subfield>
    <subfield code="c">2018.</subfield>
  </datafield>
  <datafield tag="300" ind1=" " ind2=" ">
    <subfield code="a">143 p&#xE1;ginas ;</subfield>
    <subfield code="b">ilustraciones,</subfield>
    <subfield code="c">20 cm.</subfield>
  </datafield>
  <datafield tag="505" ind1=" " ind2=" ">
    <subfield code="a">Contenido: Formaci&#xF3;n de la ideolog&#xED;a cusque&#xF1;ista en el Cusco de anta&#xF1;o -- El cusque&#xF1;ismo en el Cusco contempor&#xE1;neo -- La bandera cusque&#xF1;a del Arco Iris -- Peculiar escudo del Cusco y el imaginario arqueol&#xF3;gico en la sociedad cusque&#xF1;a -- Cusco trasfondo de su definici&#xF3;n ortogr&#xE1;fica en el siglo XX -- Daniel Estrada P&#xE9;rez una pagina del cusque&#xF1;ismo -- El cusque&#xF1;ismo en debate definici&#xF3;n de la identidad cusque&#xF1;a y cusque&#xF1;ista -- Cuscolog&#xED;a y Jos&#xE9; Tamayo Herrera. </subfield>
  </datafield>
  <datafield tag="650" ind1=" " ind2=" ">
    <subfield code="a">Ideolog&#xED;as</subfield>
    <subfield code="9">1776</subfield>
  </datafield>
  <datafield tag="650" ind1=" " ind2=" ">
    <subfield code="a">Imaginarios</subfield>
    <subfield code="9">11885</subfield>
  </datafield>
  <datafield tag="650" ind1=" " ind2=" ">
    <subfield code="a">Identidad</subfield>
    <subfield code="9">255</subfield>
  </datafield>
  <datafield tag="650" ind1=" " ind2=" ">
    <subfield code="a">Cultura Urbana</subfield>
    <subfield code="9">44157</subfield>
  </datafield>
  <datafield tag="650" ind1=" " ind2=" ">
    <subfield code="a">Cusco Per&#xFA;</subfield>
    <subfield code="9">44158</subfield>
  </datafield>
  <datafield tag="942" ind1=" " ind2=" ">
    <subfield code="2">ddc</subfield>
    <subfield code="c">LIBROS</subfield>
  </datafield>
  <datafield tag="945" ind1=" " ind2=" ">
    <subfield code="a">Roel</subfield>
  </datafield>
  <datafield tag="952" ind1=" " ind2=" ">
    <subfield code="0">0</subfield>
    <subfield code="2">ddc</subfield>
    <subfield code="4">0</subfield>
    <subfield code="7">0</subfield>
    <subfield code="a">SH</subfield>
    <subfield code="b">SH</subfield>
    <subfield code="c">CART</subfield>
    <subfield code="d">2020-02-07</subfield>
    <subfield code="e">Dep&#xF3;sito Legal BNP N&#xB0; 2018-05001</subfield>
    <subfield code="g">10.00</subfield>
    <subfield code="o">985.611 / C18E</subfield>
    <subfield code="p">SH0000015614</subfield>
    <subfield code="r">2020-02-07</subfield>
    <subfield code="y">LIBROS</subfield>
  </datafield>
</record>
